| 000 | 00439nam a2200145Ia 4500 | ||
|---|---|---|---|
| 008 | 240729s9999 xx 000 0 und d | ||
| 245 | 0 | _aSchool Leadership Review | |
| 260 | _aUnited States | ||
| 260 | _bRalph W. Steen Library, Stephen F. Austin State University | ||
| 650 | _a Special aspects of education | ||
| 650 | _aEducation | ||
| 856 | _uhttps://doaj.org/toc/54024ad53457419bb63e9adff9ef02b3 | ||
| 942 | _2ddc | ||
| 942 | _cDOAJEJ | ||
| 999 |
_c65743 _d65743 |
||
| 945 |
_a1 _bMadushi Gamage _c1 _dMadushi Gamage |
||